Spooky Marvel Characters by Picture - Statistics

General Stats
  • This quiz has been taken 41 times
  • The average score is 11 of 16
Answer Stats
Picture Answer % Correct
Green Goblin
97%
Venom
97%
Blade
92%
Carnage
92%
Lizard
92%
Moon Knight
90%
Morbius the Living Vampire
85%
Man-Thing
69%
Hobgoblin
67%
Jack O'Lantern
64%
Werewolf by Night
54%
Dracula
51%
Jigsaw
49%
Shadow King
33%
Wolfsbane
33%
Bushman
15%
No matching quizzes found
Score Distribution
Percent of People with Each Score
Percentile by Number Answered
Your Score History
You have not taken this quiz